02756nas a22002897a 450000500170000000600190001700700030003600800410003902200150008002200220009508200120011724500660012926000390019526000690023430000200030331000160032350000980033950517760043765000390221365000200225265000250227270000280229785600190232594200150234499900170235995200900237620140121113313.0a|||||r|||| 00| 0 ta140121b xxu||||| |||| 00| 0 eng d a2321-0230  a2321-7472 e-issn a320.954 aStudies in Indian Politicscedited by Suhas Vasant Palshikar  aNew DelhibSage Publicationc2013- aNew DelhibLOKNITI, Centre for the Study of Developing Societies av.c24 cm (Pbk) aHalf-yearly aThe journal Studies in Indian Politics (SIP) will be a blind peer-reviewed bi-annual journal. aSIP will publish research writings that seek to explain different aspects of Indian politics. The Journal adopts a multi-method approach and will publish articles based on primary data in the qualitative and quantitative traditions, archival research, interpretation of texts and documents, and secondary data. The Journal will cover a wide variety of sub-fields in politics, such as political ideas and thought in India, political institutions and processes, Indian democracy and politics in a comparative perspective particularly with reference to the global South and South Asia, India in world affairs, and public policies. While such a scope will make it accessible to a large number of readers, keeping India at the centre of the focus will make it target-specific. SIP is a forum for those engaged in the pursuit of generating new knowledge and analyses of Indian politics based on original research. By way of making such a knowledge and analyses accessible to the public, it will cater to the needs of a large number of social and political scientists engaged in teaching and research at educational and research institutions in India and abroad. SIP expects readership mainly from academics and students (both post-graduate and research level) in higher education institutions and research institutes in India and abroad. We also expect a few interested journalists, NGO functionaries, political analysts and commentators and policy makers to read the journal. The proposed journal will more generally cater to the needs of researchers and students in Political Science, and within political science, its emphasis will be on Indian politics, state politics in India, political thinking in India and comparative politics with India/global South as the focus.  aPolitics & International Relations a Asian Politics aSouth Asian Politics aSuhas Vasant Palshikar  uinp.sagpub.com 2ddccSRs1 c82020d82020 00102ddc40718NFICaDBADbDBADd2014-01-21l0r2014-01-21 00:00:00w2014-01-21ySR